000 00680nam a2200205 i 4500
001 36214
003 ES-MaACL
005 20230906155327.0
007 t|
008 030217s1934 fr ||||1| fre d
100 0 _aBrontë, Emily.
_931901
245 1 4 _aLes hauts des quatre-vents
_b= Wuthering heights roman /
_cEmily Bronté ; traduit de l'anglais par M. Drover.
260 _aParis :
_bAlbin Michel,
_c1934.
300 _a316 p. ;
_c19 cm.
490 1 _aMaitres de la litterature etranger. Nouvelle serie
700 1 _aDrover, M.
_945667
830 0 _aMaitres de la litterature etranger. Nouvelle serie
_9229579
852 _aES-MaACL
_jA-2710
999 _c36214
_d36214